| 000 | 00486nam a22001817a 4500 | ||
|---|---|---|---|
| 003 | 0 | ||
| 005 | 20231006135919.0 | ||
| 008 | 231006b xxu||||| |||| 00| 0 eng d | ||
| 020 | _a978-1-407157-52-8 | ||
| 050 |
_aPZ 7 _b.St859 2015 |
||
| 100 | _aStine, R.L | ||
| 245 |
_aGoosebumps : the werewolf of fever swamps _cStine, R.L. |
||
| 260 |
_aLondon _bScholastic , Inc. _cc2015. |
||
| 300 |
_a125 pages; _c20 cm. |
||
| 500 | _aFiction. | ||
| 650 | _aFiction. | ||
| 942 |
_2lcc _cBK |
||
| 999 |
_c365488 _d365488 |
||